000 01402nam a22003377i 4500
003 EG-ScBUE
005 20240131155210.0
008 220731s2023 ua f b 000 0 ara d
017 _a2022 / 27932
020 _a9789778063493
040 _aEG-ScBUE
_bara
_erda
_cEG-ScBUE
_dEG-ScBUE
082 0 4 _222
_a150
_bو ا ي
100 1 _aوايست، بريانا،
_eمؤلف.
240 1 0 _a101 essays that will change the way you think.
_lArabic
245 1 0 _a101 حيلة نفسية لترويض العقل وتغيير الحياة /
_cبريانا وايست ؛ ترجمة دينا المهدي.
246 3 _aمائة وواحد حيلة نفسية لترويض العقل وتغيير الحياة
250 _aالطبعة العربية الأولى.
264 1 _aالقاهرة :
_bدون للنشر والتوزيع،
_c2023.
300 _a367 صفحة ؛
_c20 سم
336 _2rdacontent
_aنص
_btxt
337 _2rdamedia
_aبدون وسيط
_bn
338 _2rdacarrier
_aمجلد
_bnc
504 _aيشتمل على إرجاعات ببليوجرافية.
541 _aBook Fair 2024.
546 _aالنص باللغة العربية وتم ترجمته من اللغة الإنجليزية.
650 7 _aالعقل (علم نفس).
_2BUEsh
653 _cJanuary2024
_bHHUUPPSS
655 _vReading book
700 1 _aمهدي، دينا،
_eمترجم.
942 _2ddc
999 _c30624
_d30595